Particulars of The Astor Estate Office, Victoria Embankment, W.C., to be sold with vacant possession (Record no. 116510)
[ view plain ]
| 000 -LEADER | |
|---|---|
| fixed length control field | 01001cam a22002175a 4500 |
| 001 - CONTROL NUMBER | |
| control field | L140871 |
| 008 - FIXED-LENGTH DATA ELEMENTS--GENERAL INFORMATION | |
| fixed length control field | 071016s1920 xxk eng u |
| 035 ## - SYSTEM CONTROL NUMBER | |
| System control number | (Sirsi) u140871 |
| 041 0# - LANGUAGE CODE | |
| Language code of text/sound track or separate title | eng |
| 110 2# - MAIN ENTRY--CORPORATE NAME | |
| Corporate name or jurisdiction name as entry element | Thurgood, Martin and Eve |
| 9 (RLIN) | 5396 |
| 245 00 - TITLE STATEMENT | |
| Title | Particulars of The Astor Estate Office, Victoria Embankment, W.C., to be sold with vacant possession |
| 260 ## - PUBLICATION, DISTRIBUTION, ETC. | |
| Place of publication, distribution, etc. | S.l. |
| -- | .n. |
| Date of publication, distribution, etc. | 1920 |
| 300 ## - PHYSICAL DESCRIPTION | |
| Extent | 11 p. |
| Other physical details | ill., plans |
| Dimensions | 35 cm. + |
| Accompanying material | 1 v. (29 cm.) + 1 sheet (20 x 13 cm.) |
| 340 ## - PHYSICAL MEDIUM | |
| Material base and configuration | Printed |
| 351 ## - ORGANIZATION AND ARRANGEMENT OF MATERIALS | |
| Hierarchical level | Single item |
| 500 ## - GENERAL NOTE | |
| General note | Item is accompanied by a volume entitled 'Incorporated Accountants' Hall : its history and architecture' by J. K. Willis Alexander and a letter dated 27 October 1920 from Thurgood, Martin and Eve. |
| 500 ## - GENERAL NOTE | |
| General note | On the title page, a newspaper clipping dated 15 September 1922 has been pasted which discusses the sale of the building. |
| 651 4# - SUBJECT ADDED ENTRY--GEOGRAPHIC NAME | |
| Geographic name | London |
| 690 ## - LOCAL SUBJECT ADDED ENTRY--TOPICAL TERM (OCLC, RLIN) | |
| Topical term or geographic name as entry element | PROPERTY-PROPERTY ACQUISITION AND DISPOSAL-ACQUISITION AND DISPOSAL AT AUCTION |
| 942 ## - ADDED ENTRY ELEMENTS (KOHA) | |
| Suppress in OPAC | 0 |
| Withdrawn status | Lost status | Source of classification or shelving scheme | Damaged status | Not for loan | Home library | Current library | Shelving location | Date acquired | Total Checkouts | Full call number | Barcode | Date last seen | Copy number | Price effective from | Koha item type |
|---|---|---|---|---|---|---|---|---|---|---|---|---|---|---|---|
| Dewey Decimal Classification | London | London | Basement | 16/10/2007 | BASEMENT BOX 2 | 30013166 | 06/08/2019 | 1 | 06/08/2019 | Archive |